000 01006nam a2200313Ia 4500
003 GCL
005 20240530102339.0
008 140319s9999 xx 000 0 ara d
040 _aGCL /
_cGCL
082 0 4 _a932
_bق/م د
100 1 _aمحمد على سعدالله
245 1 0 _aالدور السياسى للملكات فى مصر القديمة /
_cمحمد على سعدالله
260 _a[S.N] :
_bمؤسسة شباب الجامعة ،
_c1988
300 _a281 ص
650 0 4 _aمصر
650 0 4 _aتاريخ
650 0 4 _aالمرأة فى مصر
650 0 4 _aمصر القديمة
650 0 4 _aالحضارة الفرعونية
650 0 4 _aعلم المصريات
650 0 4 _aالملوك والحكام
650 0 4 _aالاسرة الثامنة عشرة
650 0 4 _aالملكات
650 0 4 _aالاميرات
650 0 4 _aحتشبسوت
650 0 4 _aنفرتيتى
700 1 _aمحمد جمال الدين مختار (تقديم)
942 _2ddc
_cBK
999 _c31599
_d31599